000 00641nam a2200229Ia 4500
003 OSt
005 20230515150839.0
008 210423s2014 xx 000 0 und d
020 _a978-93-5142-603-5
040 _cAL
041 _aeng
082 _a338.954 PURI
100 _aPURI (V K);MISRA (S K)
_9104288
245 _aIndian economy: its development experience
260 _aNew Delhi
_bHimalaya Publishing House
_c2014
300 _axxxvi,847
_bPB
365 _b598
_cINR
650 _aEconomics
_9104289
650 _aIndian Economy
_9104290
906 _adevelopment ; economy: ; experience ; Indian ; its
942 _2ddc
_cBK
999 _c166185
_d166185